|
|
|
|
| LEADER |
00801nas a2200205 i 4500 |
| 001 |
acta42192 |
| 005 |
20260224081030.0 |
| 008 |
170512s2009 hu o 000 hun d |
| 022 |
|
|
|a 1417-3875
|
| 040 |
|
|
|a SZTE Egyetemi Kiadványok Repozitórium
|b hun
|
| 041 |
|
|
|a hun
|
| 100 |
1 |
|
|a Miao Chunmei
|
| 245 |
1 |
0 |
|a Positive solutions of singular four-point boundary value problem with p-Laplacian
|h [elektronikus dokumentum] /
|c Miao Chunmei
|
| 260 |
|
|
|c 2009
|
| 300 |
|
|
|a 1-16
|
| 490 |
0 |
|
|a Electronic journal of qualitative theory of differential equations
|
| 695 |
|
|
|a Egyéni négypontos határérték probléma - pozitív megoldások, Laplace-egyenlet
|
| 700 |
0 |
1 |
|a Pang Huihui
|e aut
|
| 700 |
0 |
1 |
|a Ge Weigao
|e aut
|
| 856 |
4 |
0 |
|u http://acta.bibl.u-szeged.hu/42192/1/ejqtde_2009_042_001-016.pdf
|z Dokumentum-elérés
|